| 000 | nam a22 a 4500 | ||
|---|---|---|---|
| 999 |
_c384709 _d384709 |
||
| 003 | BLK | ||
| 005 | 20201007040938.0 | ||
| 008 | 200824b bul|||||r ||||||| ||bul|| | ||
| 040 | _aBLK | ||
| 041 |
_aBUL _cBUL |
||
| 080 |
_aХърватска литература _b821.163.42 _x-31 _z821.163.42-31 |
||
| 100 |
_aШолян, Антун _eпърви автор _91299 |
||
| 139 | _aШолян, Антун | ||
| 245 | 1 | 0 |
_aКратък излет _bРоман _cАнтун Шолян ; Прев. от сърбохърв. Жела Георгиева ; [С предг. от] Михаил Неделчев. |
| 257 | _aBGR | ||
| 260 |
_aСофия _bНар. култура _c1982 _fЯмбол : Г. Димитров |
||
| 300 |
_a136 с. _c17 см |
||
| 380 | _aX | ||
| 500 | _aОриг. загл. Кратки излет. | ||
| 700 |
_aГеоргиева, Жела _eпрев. от сърбохърв. _9429865 |
||
| 700 |
_aНеделчев, Михаил _eпредг. от _9366196 |
||
| 852 |
_aЦб І 19401 _bЦб |
||
| 942 |
_cKNG _n0 _s1 |
||
| 944 |
_aCR _c2020-08-24 _kГГГ |
||